Pays et monuments n°1 - Statistiques

Statistiques générales
  • Ce quiz a été pris 216 fois
  • Le résultat moyen est 10 sur 15
Statistiques - réponses
Par images Réponse % Correct
Gizeh, Egypte
99%
Province de Naples, Italie
91%
Chiapas, Mexique
90%
Siem Reap,Cambodge
86%
Xi An, Chine
83%
Ile de Pâques, Chili
77%
Madhya Pradesh, Inde
72%
Jérash, Jordanie
71%
Séville, Espagne
68%
Région de Mandalay, Myanmar ( Birmanie)
59%
Budapest, Hongrie
58%
Java, Indonésie
54%
Colorado, États-Unis
53%
Bath, Royaume-Uni
42%
Gouvernorat de Mahdia, Tunisie
40%
Aucun quiz correspondant
Distribution des résultats
% des personnes avec chaque résultat
Percentile par nombre de réponses
Votre historique - résultats
Vous n’avez pas pris ce quiz